000 00471ntaaa2200181 4500
003 01
005 20251027203001.0
008 0714s1973 ag 01
040 _aAR-BaBN
_bspa
_cAR-BaBN
_eaacr
_dRIC
082 _a982.2000 F97
100 _aFurlong, Guillermo
_915336
245 _aMisiones y sus pueblos de Guaraníes
250 _a1 ed.
260 _aBuenos Aires :
_bEdiciones Theoría,
_c1962
300 _a788 p
650 _aJesuítas-Misiones
_930790
942 _cBK
999 _c25230
_d25230